Bigboggle [juego] : el juego de las palabras ocultas /
Guardado en:
| Formato: | Objeto Físico |
|---|---|
| Publicado: |
Argentina :
Kipo's,
198?
|
| Materias: | |
| Etiquetas: |
Agregar Etiqueta
Sin Etiquetas, Sea el primero en etiquetar este registro!
|
| LEADER | 00746nrm a22001575g 4500 | ||
|---|---|---|---|
| 001 | CEM.cems019112 | ||
| 008 | 130507b198?##################0###0#####d | ||
| 005 | 20220829161803.0 | ||
| 003 | CEMS | ||
| 245 | 0 | 0 | |a Bigboggle [juego] : |b el juego de las palabras ocultas / |c Parker Brothers |
| 260 | |a Argentina : |b Kipo's, |c 198? | ||
| 300 | |a 1 juego(1 base cuadricular de 25 casilleros,1 tapa plástica, 25 dados-letras, reloj de arena) ; en caja 27 x 18 x 8 cm. | ||
| 500 | |a Para 2 a 8 jugadores A partir de 10 años y adultos Objetivo: lograr la mayor cantidad de puntos posibles, formando palabras en el menor tiempo. | ||
| 082 | 0 | 4 | |a J793.734 |
| 653 | |a 1.juegos de formación de palabras y definiciones | ||
| 859 | |a CEMS |b BIB. CEMS - Ludoteca |h J793.734 |i P223 |p 002.92 |t Ej.1 | ||
